| 000 | 01850nam a2200373 a 4500 | ||
|---|---|---|---|
| 001 | ebr10419604 | ||
| 003 | CaPaEBR | ||
| 006 | m u | ||
| 007 | cr cn||||||||| | ||
| 008 | 081229s2008 dcu sb 001 0 eng d | ||
| 010 | _z 2008460156 | ||
| 020 | _z9781596985612 | ||
| 020 | _z1596985615 | ||
| 040 |
_aCaPaEBR _cCaPaEBR |
||
| 035 | _a(OCoLC)680628375 | ||
| 043 | _an-us--- | ||
| 050 | 1 | 4 |
_aE840.2 _b.C43 2008eb |
| 082 | 0 | 4 |
_a320.1/2 _222 |
| 100 | 1 | _aChandler, Robert W. | |
| 245 | 1 | 0 |
_aShadow world _h[electronic resource] : _bresurgent Russia, the global new left, and radical Islam / _cRobert Chandler. |
| 260 |
_aWashington, DC : _bRegnery Pub., _cc2008. |
||
| 300 | _axvii, 622 p. | ||
| 504 | _aIncludes bibliographical references (p. 543-607) and index. | ||
| 505 | 0 | _aPlato's cave -- Cultural revolution -- The Andropov plan -- Global strategic quadrangle -- Latin America's slide to the left -- Samuel Rubin imperium -- Rubin imperium : centers of gravity -- National security -- Progressive-Socialist-Marxist politics -- Anti-capitalism and anti-war street workers -- A world without borders -- Restoration of a world Islamic caliphate -- Saudi Arabia's religious fifth column -- Faceless international. | |
| 533 |
_aElectronic reproduction. _bPalo Alto, Calif. : _cebrary, _d2013. _nAvailable via World Wide Web. _nAccess may be limited to ebrary affiliated libraries. |
||
| 650 | 0 | _aAnti-Americanism. | |
| 650 | 0 | _aGeopolitics. | |
| 651 | 0 |
_aUnited States _xRelations. |
|
| 651 | 0 |
_aUnited States _xPolitics and government _y20th century. |
|
| 651 | 0 |
_aUnited States _xPolitics and government _y21st century. |
|
| 655 | 7 |
_aElectronic books. _2local |
|
| 710 | 2 | _aebrary, Inc. | |
| 856 | 4 | 0 |
_uhttp://site.ebrary.com/lib/rucke/Doc?id=10419604 _zAn electronic book accessible through the World Wide Web; click to view |
| 999 |
_c83912 _d83912 |
||